000 01172cam a2200301 a 4500
999 _c128363
_d128363
001 944271
003 ARRUPE
005 20181012092739.0
008 831129m19829999ea ab b 001 0 eng
010 _a 83199905
040 _aDLC
_cDLC
_dDLC
043 _af-et---
050 0 0 _aBX1682.E8
_bO54 1982
082 0 0 _a282/.63
_219
100 1 _aO'Mahoney, Kevin.
_938714
245 1 5 _a"The ebullient phoenix" :
_ba history of the Vicariate of Abyssinia, 1839-1860 /
_cby Kevin O'Mahoney.
260 _aAsmara :
_bEthiopian Studies Centre,
_c1982-<1987>
300 _av. <1-2> :
_bill., map ;
_c21 cm.
504 _aIncludes bibliographic references (v. 1, p. [232]-234) and index.
505 1 _abk. 1. 1839-1860 -- bk. 2. 1860-1881.
610 2 0 _aCatholic Church
_zEthiopia
_xHistory
_942864
710 2 _aThomas Leiper Kane Collection (Library of Congress. Hebraic Section)
_5DLC
_924290
906 _a7
_bcbc
_corignew
_d2
_encip
_f19
_gy-gencatlg
942 _2lcc
_cMONOGRAPH